00422ntaaa2200169 45000030003000000050017000030080021000200400037000410820017000781000023000952450023001182500010001412600032001513000019001835000035002026500015002370120251027202603.00714s1973 ag 01  aAR-BaBNbspacAR-BaBNeaacrdRIC a320.0000 So6 aSorauf, Francis J  aCiencia política a1 ed. aMéxico : bUTEHA, cc1967 ax, 176 p, 11 p aUna sencilla visión general. apolítica